000 00454nam a2200181Ia 4500
008 240925s9999 xx 000 0 und d
020 _a9780007351015
082 _a823.8 STE
100 _aStevenson ,Louis Robrat
245 0 _aTreasure Island
250 _a1st
260 _alondon:
_bHarper Collins pub
_c,2010.
300 _a204p.
_bNA
_fOriginal
500 _aNA
600 _aHumanities & Natural Science
650 _aLiterature
942 _cBK
999 _c14218
_d14218